Visualizzazione normale
Vista MARC
- Benussi V.
di Personal Name
Records bibliografici associati: 1
001 - CONTROL NUMBER
- control field: 29578
003 - CONTROL NUMBER IDENTIFIER
- control field: IT-RoPau
005 - DATE AND TIME OF LATEST TRANSACTION
- control field: 20140614205213.0
008 - FIXED-LENGTH DATA ELEMENTS
- fixed length control field: 140614|| aca||aabn | a|a d
040 ## - CATALOGING SOURCE
- Original cataloging agency: IT-RoPau
- Transcribing agency: IT-RoPau
100 ## - HEADING--PERSONAL NAME
- Personal name: Benussi V.
- Dates associated with a name: Codice autore musica SPICS: 10863
- Relator term: Autore musica
- Name of part/section of a work: La barchetta di carta
670 ## - SOURCE DATA FOUND
- Source citation: Work cat.: (IT-RoPau)99255: AA.VV. 794, 36° Zecchino d'oro